Catalog

Record Details

Catalog Search



Computational Intelligence and Decision Making Trends and Applications  Cover Image E-book E-book

Computational Intelligence and Decision Making [electronic resource] : Trends and Applications / edited by Ana Madureira, Cecilia Reis, Viriato Marques.

Madureira, Ana. (editor.). Reis, Cecilia. (editor.). Marques, Viriato. (editor.). SpringerLink (Online service) (Added Author).

Record details

  • ISBN: 9789400747227
  • Physical Description: X, 502 p. 177 illus., 122 illus. in color. online resource.
  • Publisher: Dordrecht : Springer Netherlands : 2013.
Subject: Engineering.
Artificial intelligence.
Engineering.
Computational Intelligence.
Artificial Intelligence (incl. Robotics).
Information Systems Applications (incl. Internet).

Electronic resources


LDR 01752nam a22004215i 4500
00127035
003CONS
00520130727031457.0
007cr nn 008mamaa
008121116s2013 ne | s |||| 0|eng d
020 . ‡a9789400747227 ‡9978-94-007-4722-7
0247 . ‡a10.1007/978-94-007-4722-7 ‡2doi
035 . ‡a(DE-He213)978-94-007-4722-7
050 4. ‡aQ342
072 7. ‡aUYQ ‡2bicssc
072 7. ‡aCOM004000 ‡2bisacsh
1001 . ‡aMadureira, Ana. ‡eeditor.
24510. ‡aComputational Intelligence and Decision Making ‡h[electronic resource] : ‡bTrends and Applications / ‡cedited by Ana Madureira, Cecilia Reis, Viriato Marques.
264 1. ‡aDordrecht : ‡bSpringer Netherlands : ‡bImprint: Springer, ‡c2013.
300 . ‡aX, 502 p. 177 illus., 122 illus. in color. ‡bonline resource.
336 . ‡atext ‡btxt ‡2rdacontent
337 . ‡acomputer ‡bc ‡2rdamedia
338 . ‡aonline resource ‡bcr ‡2rdacarrier
347 . ‡atext file ‡bPDF ‡2rda
4901 . ‡aIntelligent Systems, Control and Automation: Science and Engineering, ‡x2213-8986 ; ‡v61
650 0. ‡aEngineering.
650 0. ‡aArtificial intelligence.
65014. ‡aEngineering.
65024. ‡aComputational Intelligence.
65024. ‡aArtificial Intelligence (incl. Robotics).
65024. ‡aInformation Systems Applications (incl. Internet).
7001 . ‡aReis, Cecilia. ‡eeditor.
7001 . ‡aMarques, Viriato. ‡eeditor.
7102 . ‡aSpringerLink (Online service)
7730 . ‡tSpringer eBooks
77608. ‡iPrinted edition: ‡z9789400747210
830 0. ‡aIntelligent Systems, Control and Automation: Science and Engineering, ‡x2213-8986 ; ‡v61
85640. ‡uhttp://biblioteca.ipicyt.edu.mx:2048/login?url=http://dx.doi.org/10.1007/978-94-007-4722-7 ‡yTexto completo ‡9CONS
950 . ‡aEngineering (Springer-11647)
901 . ‡a27035 ‡b ‡c27035 ‡tbiblio ‡sSystem Local

Additional Resources